01729nam a22002177a 450000500170000000800410001702000180005804000070007604100120008308200210009510000170011624500220013325000060015526000400016130000310020136500550023252011610028765000220144870000190147070000220148920220317100431.0220317b ||||| |||| 00| 0 eng d a9788126517299 cAL aEnglish 223a543.65bBARM aJames Barker aMass Spectrometry a2 aNew YorkbJohn Wiley and Sonsc2008 axxii,509 p.bPBc23x15 cm. a6321b₹2726.10c₹d₹3495.00e22%f08-03-2022 aThis is the second edition of the ACOL text on Mass Spectrometry, and has been thoroughly updated to give a modern approach to those beginning to use or studymass spectrometry. As well as covering the basics of the subject, in chapters on Ion Sources and Methods of Ionisation, Mass Analysis, Ion Detection and Fragmentation Patterns, the author has also included chapters on tandem techniques (Gas and Liquid Chromatography - Mass Spectrometry and Mass Spectrometry - Mass Spectrometry) and on Atomic Mass Spectrometry, including Inductively-Coupled Plasma Mass Spectrometry (ICPMS). As with all the books in the ACOL series, self assessment questions and solutions are included. Table Of Contents: ?Introduction ?Ion Sources and Methods of Ionisation; ?Mass Analysis ?Ion Detection and Computer-Aided Data Processing ?Use of Isotopes in Mass Spectrometry ?The Mass Spectrum, Metastables and Fragmentation of Positive Ions ?Typical Fragmentation Patterns of Common Functional Groups ?Chromatography with Mass Spectrometry ?Atomic Mass Spectrometry Special Features: ?All newcomers to the technique of Mass Spectrometry ?Technicians using Mass Spectrometry aMass Spectrometry aBARKER (James) aANDO (David J) Ed